| 000 | 00795nam a2200253Ia 4500 | ||
|---|---|---|---|
| 001 | Z_5884 | ||
| 003 | CHAP | ||
| 008 | 220113s2009 xx 000 0 und d | ||
| 010 | _a169093 | ||
| 040 | _cCHAP | ||
| 090 | _aTesis G 2152 | ||
| 100 |
_aGutiérrez Vásquez, Juan _951862 |
||
| 245 |
_aCaracterización de ensilados mixtos de caña de azúcar (Saccharum officinarum) y pasto Taiwan (Pennisetum purpureum) / _cJuan Gutiérrez Vásquez y Manuel Pérez Hernández |
||
| 260 |
_aChapingo, Méx. : _bEl autor, _c2009 |
||
| 300 | _a66 h. | ||
| 502 | _aTesis ( Ing. Agr. Esp. en Zootecnia) -- UACH. Departamento de Zootecnia | ||
| 700 |
_aI. Pérez Hernández, Manuel _9143408 |
||
| 901 | _aTESIS G 2152 | ||
| 902 | _aM | ||
| 910 | _a2009 | ||
| 942 | _c2 | ||
| 942 | _c2 | ||
| 999 |
_c169093 _d169093 |
||